Descentalización de los servicios de salud: estudios de caso en seis estados mexicanos /
Se presentan los resultados de la descentralización de la Secretaría de Salud de México, entre los años 1994 y 2000. Para lo cual se revisaron documentos oficiales y de archivo, así como estadísticas de salud y de productividad y algunas observaciones. Se identifican entonces problemas que los estad...
Gardado en:
| Autor Principal: | |
|---|---|
| Outros autores: | |
| Formato: | Texto |
| Materias: | |
| Etiquetas: |
Engadir etiqueta
Sen Etiquetas, Sexa o primeiro en etiquetar este rexistro!
|
MARC
| LEADER | 00000 a a2200000 04500 | ||
|---|---|---|---|
| 001 | 44610 | ||
| 003 | |||
| 040 | |||
| 100 | |a Homedes, Nuria | ||
| 245 | |a Descentalización de los servicios de salud: |b estudios de caso en seis estados mexicanos / |c Nuria Homedes, Antonio Ugalde | ||
| 520 | |a Se presentan los resultados de la descentralización de la Secretaría de Salud de México, entre los años 1994 y 2000. Para lo cual se revisaron documentos oficiales y de archivo, así como estadísticas de salud y de productividad y algunas observaciones. Se identifican entonces problemas que los estados tuvieron que enfrentar para implementar la descentralización, comprendiendo que los objetivos que fueron planteados inicialmente no se pudieron cumplir. | ||
| 590 | |a KSR/JUNIO2013 | ||
| 650 | |a 1.DESCENTRALIZACION | ||
| 650 | |a 2.ESTUDIOS DE CASOS | ||
| 650 | |a 3.ANALISIS DE LA INFORMACION | ||
| 650 | |a 4.MEXICO | ||
| 650 | |a 5.SALUD PUBLICA | ||
| 700 | |a Ugalde, Antonio | ||
| 773 | |g volumen53, número6 ( , 2011), páginas 493-503 | ||
| 999 | |c 32567 |d 32567 | ||
